Statistics for 2018 FIFA World Cup Football Players - Picture Quiz #3

Click here to take the quiz!

General Stats

  • This quiz has been taken 366 times
  • The average score is 9 of 15

Answer Stats

Answer% Correct
Pepe
94%
Hugo Lloris
91%
Dele Alli
90%
Diego Costa
89%
Raphaël Varane
86%
Xherdan Shaqiri
78%
Granit Xhaka
71%
Blaise Matuidi
70%
Hakim Ziyech
65%
Branislav Ivanović
49%
Artem Dzyuba
38%
Maya Yoshida
22%
Andreas Granqvist
19%
Sardar Azmoun
19%
Carlos Sanchez
9%

Score Distribution

Percentile by Number Answered

Percent of People with Each Score

Your Score History

You have not taken this quiz